| 000 | 00774nam a2200229 a 4500 | ||
|---|---|---|---|
| 005 | 20240928063757.0 | ||
| 008 | 190212s2017 mx r 000 0 spa d | ||
| 020 | _a9788492921751 | ||
| 035 | _aUPN01000229052 | ||
| 049 | _aCG | ||
| 050 | 4 |
_aHD57.7 _bT3.5 |
|
| 100 | 1 |
_aTalgam, Itay _942643 |
|
| 245 | 1 | 3 |
_aEl maestro ignorante : _bcómo los grandes líderes inspiran genialidades impredecibles / _cItay Talgam ; tr. Sergio Lledó Rando. |
| 260 |
_aBarcelona, Esp. : _bUrano, _c2017. |
||
| 300 | _a217 p. | ||
| 440 | 0 | _aGestión del conocimiento | |
| 534 |
_pTítulo original: _tThe ignorant maestro-how great leaders inspire unpredictable brilliance |
||
| 650 | 4 |
_aLiderazgo _95345 |
|
| 650 | 4 |
_aEmpresas _xAdministración _9229 |
|
| 905 | _aLibro | ||
| 999 |
_c201147 _d201147 |
||